Представление документа в формате RUSMARC

ПолеНазваниеЗначение
  Тип записи a
  Библиографический уровень m
001 Контрольный номер RU/SLIB/B/208745010
005 Дата корректировки 20240823165146.2
010 Индекс ISBN __
d Цена 2-60; 100-00
100 Данные общей обработки __
a Данные общей обработки 20240823d1991 m y0rusy028902 ca
101 Язык документа 0_
a Язык текста rus
102 Страна публикации __
a Страна публикации RU
105 Кодированные данные (монография) __
a Кодированные данные (монография) y z 000yy
181 Поле кодированных данных: вид содержания _0
a Код вида содержания (ISBD) i
182 Поле кодированных данных: тип средства _0
a Код типа средства (ISBD) n
200 Заглавие и сведения об ответственности 1_
a Заглавие Малина и ежевика
203 Вид содержания и тип средства __
a Вид содержания Текст
c Тип средства непосредственный
210 Выходные данные 1_
a Место издания М.
c Издательство Росагропромиздат
d Дата издания 1991
215 Физическое описание __
a Объем 64 с.
c Иллюстрации/тип воспроизводства ил.
225 Серия 2_
a Серия Библиотечка садовода-любителя
606 Тематические рубрики __
a Основная рубрика Сельское хозяйство
2 Код системы nlr_sh
606 Тематические рубрики __
a Основная рубрика Ягодоводство
2 Код системы nlr_sh
610 Ключевые слова 0_
a Ключевые слова малина; ежевика; ягодные растения
686 Индексы других классификаций __
a Классификационный индекс 42.358
2 Код системы rubbks
700 Автор _1
a Фамилия Ярославцев
b Имя Е. И.
4 Код отношения 070
801 Источник записи _0
a Страна RU
b Организация Муниципальное бюджетное учреждение культуры "Централизованная библиотечная система" г. Сургут (Центральная городская библиотека им. А. С. Пушкина)
g Правила каталогизации PSBO
c Дата составления 20040823
801 Источник записи _1
a Страна RU
b Организация Муниципальное бюджетное учреждение культуры "Централизованная библиотечная система" г. Сургут (Центральная городская библиотека им. А. С. Пушкина)
g Правила каталогизации PSBO
c Дата составления 20040823
852 Данные о местонахождении __
j Шифр хранения 42.358
c Каталожный индекс 42.358
i Авторский знак Я 76
p Инвентарный номер 45318; 59921
901 Тип документа __
t Тип документа m
a Ответственный КиК/Уланова
901 Тип документа __
a Ответственный СКБР2024
903 Характеристики (МАРС) __
a Дата передачи 20040823
c Наименование библиотеки (МАРС) Муниципальное бюджетное учреждение культуры "Централизованная библиотечная система" г. Сургут (Центральная городская библиотека им. А. С. Пушкина)
990 Данные о заказе (DOS) __
j Количество экземпляров (DOS) 2